000 01025nam a22002417a 4500
001 7493
003 FISKH
005 20250722094943.0
008 250722b cb ||||| |||| 00| 0 eng d
020 _a9781108789882
040 _aFISKH
_beng
_cFISKH
_dFISKH
050 _aPZ7
082 _a420
100 _aBudgell, Gill
245 _aCambridge primary English :
_bLearner's book 2 /
_cGill Budgell & Kate Ruttle
260 _aUnited Kingdom :
_bCambridge University Press,
_c2021.
300 _a247 pages :
_bcolor illustrations ;
_c28 cm
520 _aYour learners will develop their English skills as they explore science fiction stories, analyse news headlines and write their own original play script. You will find a wide range of international fiction, non-fiction, poetry and drama throughout the book to help your learners develop their understanding of different genres and text types.
650 _aEnglish
_vExplore
_xDevelop
700 _aRuttle, Kate
_eAuthor
942 _2ddc
_cBK
_n0
999 _c7493
_d7493